| 000 | 00571nam a2200205Ia 4500 | ||
|---|---|---|---|
| 003 | OSt | ||
| 005 | 20250301114144.0 | ||
| 008 | 210210b1971 xxu||||| |||| 00| 0 eng d | ||
| 040 | _cAL | ||
| 041 | _ahin | ||
| 082 | _aH891.8 SHAV | ||
| 100 |
_aSHARM (Omprakash): _9203189 |
||
| 110 |
_bशर्म ओमप्रकाश _9203190 |
||
| 245 |
_aSvami Vivekanand: _bस्वामी विवेकानंद |
||
| 260 |
_aDilli _bSahity Kendr Prakashan _c1971 |
||
| 300 | _a158 | ||
| 690 |
_aHindi Miscellaneous _9203191 |
||
| 906 | _a029259 | ||
| 942 |
_2ddc _cBK |
||
| 999 |
_c80480 _d80480 |
||